[Event "BL2 Gr1 0304 (Women)"]
[Site "Germany"]
[Date "2003.11.29"]
[Round "3.5"]
[White "Funk, Natalie"]
[Black "Gill, Katrin"]
[Result "1-0"]
[WhiteElo "1888"]
[BlackElo "1739"]
[PlyCount "97"]
[EventDate "2003.10.25"]
[EventType "team-tourn"]
[EventRounds "7"]
[EventCountry "GER"]
[SourceTitle "EXT 2006"]
[Source "ChessBase"]
[SourceDate "2005.11.24"]
[SourceVersion "1"]
[SourceVersionDate "2005.11.24"]
[SourceQuality "1"]
[WhiteTeam "Eikamp (W)"]
[BlackTeam "Krefeld (W)"]
[WhiteTeamCountry "GER"]
[BlackTeamCountry "GER"]

1. e4 d5 2. exd5 Qxd5 3. Nc3 Qa5 4. d4 c6 5. Nf3 Bg4 6. Be2 e6 7. 0-0 Bd6 8. Ne4 Be7 9. Bf4 Qf5 10. Nd6+ Bxd6 11. Bxd6 Qd5 12. Ba3 Qd8 13. h3 Bh5 14. c4 Nd7 15. d5 Bxf3 16. dxe6 Ne5 17. exf7+ Kxf7 18. Bxf3 Nf6 19. Qb3 Nxf3+ 20. Qxf3 Qc7 21. Rae1 Rhe8 22. Re3 Rxe3 23. Qxe3 b6 24. g4 Re8 25. Qf3 Kg8 26. Rd1 c5 27. b3 Qe5 28. b4 Qe2 29. Qxe2 Rxe2 30. bxc5 Rxa2 31. c6 Ne8 32. Rd8 Kf7 33. Rd7+ Kf6 34. Rxa7 Rc2 35. c5 bxc5 36. c7 Nxc7 37. Rxc7 c4 38. Kg2 h6 39. Bb4 Rc1 40. Kf3 Ke5 41. Rxg7 Kd4 42. Rd7+ Ke5 43. Bd2 Rc2 44. Bxh6 Rc3+ 45. Be3 Ra3 46. h4 Ra8 47. Rc7 Ra4 48. h5 Kd5 49. h6 1-0